Golognyje sistemy pitanija sudochodnych šiljuzov i ich rasčet.

Uložené v:
Podrobná bibliografia
Hlavný autor: Michajlov, A. V.
Médium: Kniha
Jazyk:Slovak
Vydané: 1951.
Fyzický popis: 172 s.+96 obr.
Tagy: Pridať tag
Žiadne tagy, Buďte prvý kto otaguje tento záznam!

MARC

LEADER 00000nam a22000004a 4500
001 000555607
005 20170818080111.0
008 170818s1951 xo e 000 0 slo d
040 |a SVKKK  |b slo  |c SVKKK  |e AACR2 
100 1 |a Michajlov, A. V. 
245 1 0 |a Golognyje sistemy pitanija sudochodnych šiljuzov i ich rasčet. 
260 |c 1951. 
300 |a 172 s.+96 obr. 
500 |a Záznam revízie 
910 |a svkkk 
998 |a BK 
090 |g SCKHL  |k Sklad  |a III.2400  |j 1477  |i 2720477987  |4 Zastaraná  |s Vyradená